00620nam a2200133Ia 4500082001200000100001600012245015600028260006300184300000900247650003900256650006200295650005300357650007600410 aRK 0237 aKumudha, A. 0aRole of NGOs for socio-economic development of rural areas through information and communication technology:ban empirical study in Coimbatore District c2014bIndian Council of Social Science Research, New Delhi a218p aNGOzCoimbatorezTamil NaduzIndia aSocio-economic developmentzCoimbatorezTamil NaduzIndia aRural developmentzCoimbatorezTamil NaduzIndia aInformation and communication technologyzCoimbatorezTamil NaduzIndia